<?xml version="1.0" encoding="UTF-8"?>
<record
    xmlns:xsi="http://www.w3.org/2001/XMLSchema-instance"
    xsi:schemaLocation="http://www.loc.gov/MARC21/slim http://www.loc.gov/standards/marcxml/schema/MARC21slim.xsd"
    xmlns="http://www.loc.gov/MARC21/slim">

  <leader>00858nam a2200217 a 4500</leader>
  <controlfield tag="003">0</controlfield>
  <controlfield tag="005">20250609130754.0</controlfield>
  <controlfield tag="008">030603s19uu    xx            00    eng d</controlfield>
  <datafield tag="050" ind1=" " ind2=" ">
    <subfield code="a">PGS TX 631 </subfield>
    <subfield code="b">.Sa237 2000</subfield>
  </datafield>
  <datafield tag="100" ind1=" " ind2=" ">
    <subfield code="a">Santos, Emeryne Joy L.</subfield>
  </datafield>
  <datafield tag="245" ind1=" " ind2=" ">
    <subfield code="a">The food color preference among selected grade three and six students of Southville International School (SY 1999-2000)  /</subfield>
    <subfield code="c">Emeryne Joy L. Santos.</subfield>
  </datafield>
  <datafield tag="260" ind1=" " ind2=" ">
    <subfield code="a">Las Pi&#xF1;as City, Philippines :  </subfield>
    <subfield code="b">Southville International School and Colleges,</subfield>
    <subfield code="c">2000.</subfield>
  </datafield>
  <datafield tag="300" ind1=" " ind2=" ">
    <subfield code="a">40 pages :</subfield>
    <subfield code="b">colored illustrations ;</subfield>
    <subfield code="c">28 cm.</subfield>
  </datafield>
  <datafield tag="504" ind1=" " ind2=" ">
    <subfield code="a">Includes bibliographical references.</subfield>
  </datafield>
  <datafield tag="650" ind1=" " ind2=" ">
    <subfield code="a">Food preferences</subfield>
    <subfield code="z">Philippines</subfield>
    <subfield code="v">Children.</subfield>
  </datafield>
  <datafield tag="650" ind1=" " ind2=" ">
    <subfield code="a">Color</subfield>
    <subfield code="v">Psychological aspects.</subfield>
  </datafield>
  <datafield tag="650" ind1=" " ind2=" ">
    <subfield code="a">Food</subfield>
    <subfield code="v">Coloring.</subfield>
  </datafield>
  <datafield tag="650" ind1=" " ind2=" ">
    <subfield code="a">Food</subfield>
    <subfield code="v">Sensory evaluation.</subfield>
  </datafield>
  <datafield tag="650" ind1=" " ind2=" ">
    <subfield code="a">Choice behavior in children.</subfield>
  </datafield>
  <datafield tag="942" ind1=" " ind2=" ">
    <subfield code="2">lcc</subfield>
    <subfield code="c">PASS</subfield>
  </datafield>
  <datafield tag="999" ind1=" " ind2=" ">
    <subfield code="c">96215</subfield>
    <subfield code="d">96215</subfield>
  </datafield>
  <datafield tag="952" ind1=" " ind2=" ">
    <subfield code="0">0</subfield>
    <subfield code="1">0</subfield>
    <subfield code="2">lcc</subfield>
    <subfield code="4">0</subfield>
    <subfield code="a">LUX</subfield>
    <subfield code="b">LUX</subfield>
    <subfield code="c">PASS</subfield>
    <subfield code="d">2003-06-04</subfield>
    <subfield code="e">DONATION</subfield>
    <subfield code="l">0</subfield>
    <subfield code="o">PGS TX 631  .Sa237 2000</subfield>
    <subfield code="p">P0139</subfield>
    <subfield code="r">2014-04-08 00:00:00</subfield>
    <subfield code="w">2014-04-08</subfield>
    <subfield code="y">PASS</subfield>
  </datafield>
</record>
